000 00739nam0a22002531 4500
001 rc\3812891
005 20250530060439.0
021 _aRU
_b76-89389
035 _a(NLR Aleph) 007262269
090 _a5320334
_c5320334
100 _a20120329d1976 |||y0rusy50 ca
101 0 _arus
102 _aRU
105 _aa z |||||
200 1 _aФизика полупроводников
_e[Для вузов]
205 _a2-е изд., перераб. и доп.
210 _aМосква
_cЭнергия
_d1976
215 _a416 с.
_cил.
_d23
700 1 _aШалимова
_bК.В.
_gКлавдия Васильевна
801 0 _aRU
_bNLR
_gpsbo
801 1 _aRU
_bELAR
_2rusmarc
852 _aNLR
_j78-5/655
942 _cBOOK
980 _aNB